000
00227 a2200109 4500
003
Nust
005
20170207154233.0
040
_c
Nust
082
_a
371.33
245
_a
Wonder Boys (VHS-263)
440
_a
Wonder Boys (VHS-263)
538
_a
Duration 132 Mins
999
_c
196007
_d
196007